<?xml version="1.0" encoding="UTF-8"?>
<collection xmlns="http://www.loc.gov/MARC21/slim">
 <record>
  <leader>02833nam a2200337 a 4500</leader>
  <controlfield tag="001">1/45017</controlfield>
  <controlfield tag="008">140723s1995    uk            001 0 eng  </controlfield>
  <datafield tag="020" ind1=" " ind2=" ">
   <subfield code="a">0585470715 (electronic bk.)</subfield>
  </datafield>
  <datafield tag="020" ind1=" " ind2=" ">
   <subfield code="a">9780585470719 (electronic bk.)</subfield>
  </datafield>
  <datafield tag="020" ind1=" " ind2=" ">
   <subfield code="a">9780080511030 (electronic bk.)</subfield>
  </datafield>
  <datafield tag="020" ind1=" " ind2=" ">
   <subfield code="a">0080511031 (electronic bk.)</subfield>
  </datafield>
  <datafield tag="020" ind1=" " ind2=" ">
   <subfield code="z">9780750643986</subfield>
  </datafield>
  <datafield tag="020" ind1=" " ind2=" ">
   <subfield code="z">0750643986</subfield>
  </datafield>
  <datafield tag="020" ind1=" " ind2=" ">
   <subfield code="z">0750618434</subfield>
  </datafield>
  <datafield tag="035" ind1=" " ind2=" ">
   <subfield code="l">47975</subfield>
  </datafield>
  <datafield tag="040" ind1=" " ind2=" ">
   <subfield code="a">OPELS</subfield>
   <subfield code="b">eng</subfield>
   <subfield code="c">OPELS</subfield>
   <subfield code="d">OPELS</subfield>
   <subfield code="d">OCLCQ</subfield>
   <subfield code="d">N$T</subfield>
   <subfield code="d">YDXCP</subfield>
   <subfield code="d">E7B</subfield>
   <subfield code="d">DEBBG</subfield>
   <subfield code="d">EEICP</subfield>
   <subfield code="d">LGG</subfield>
   <subfield code="d">B24X7</subfield>
   <subfield code="d">AU@</subfield>
   <subfield code="d">IDEBK</subfield>
   <subfield code="d">OCLCQ</subfield>
   <subfield code="d">KNOVL</subfield>
   <subfield code="d">OCLCF</subfield>
   <subfield code="d">GR-PeUP</subfield>
  </datafield>
  <datafield tag="100" ind1="1" ind2=" ">
   <subfield code="a">McGeorge, H. D.</subfield>
   <subfield code="q">(H. David)</subfield>
  </datafield>
  <datafield tag="245" ind1="1" ind2="0">
   <subfield code="a">Marine auxiliary machinery</subfield>
   <subfield code="h">[electronic resource] /</subfield>
   <subfield code="c">H.D. McGeorge.</subfield>
  </datafield>
  <datafield tag="250" ind1=" " ind2=" ">
   <subfield code="a">7e dr.</subfield>
  </datafield>
  <datafield tag="260" ind1=" " ind2=" ">
   <subfield code="a">Oxford :</subfield>
   <subfield code="b">Butterworth/Heinemann,</subfield>
   <subfield code="c">cop. 1995.</subfield>
  </datafield>
  <datafield tag="300" ind1=" " ind2=" ">
   <subfield code="a">1 online resource (IX, 514 p.) :</subfield>
   <subfield code="b">ill.</subfield>
  </datafield>
  <datafield tag="520" ind1=" " ind2=" ">
   <subfield code="a">The seventh edition of this classic marine textbook is now available for the first time in paperback. This highly respected book instructs both students and sea-going engineers in the operation, care and maintenance of the auxiliary machinery and apparatus on board ship and is essential reading for marine engineers preparing for British Certificates of Competency examinations, US Licenses and similar qualifications elsewhere. Designed for ease of use, the detailed treatment and practical orientation of the subject matter is presented in a very accessible manner. The inclusion of suggestions for further reading at the end of each chapter is of particular use to students and all those interested in any related titles. Alongside this, there is also sufficient theoretical background to enable the reader to fully understand the principles involved. These various features allow the book to also serve as a useful reference work for engineers in the shipbuilding and equipment manufacturing industries, as well as all sea-going engineers.</subfield>
  </datafield>
  <datafield tag="505" ind1="0" ind2=" ">
   <subfield code="a">Preface; Main propulsion services and heat exchangers; Machinery service systems and equipment; Ship service systems; Valves and pipelines; Pumps and pumping; Tanker and gas carrier cargo pumps and systems; Auxiliary power; The propeller shaft; Steering gears; Bow thrusters, stabilizers and stabilizing systems; Refrigeration; Heating, ventilation and air conditioning; Deck machinery and cargo equipment; Fire protection; Safety and safety equipment; Control and instrumentation; Index.</subfield>
  </datafield>
  <datafield tag="504" ind1=" " ind2=" ">
   <subfield code="a">Includes bibliographical references and index.</subfield>
  </datafield>
  <datafield tag="650" ind1=" " ind2="4">
   <subfield code="a">Marine engines.</subfield>
  </datafield>
  <datafield tag="650" ind1=" " ind2="4">
   <subfield code="a">Marine machinery.</subfield>
  </datafield>
  <datafield tag="655" ind1=" " ind2="4">
   <subfield code="a">Electronic books.</subfield>
  </datafield>
  <datafield tag="852" ind1=" " ind2=" ">
   <subfield code="a">INST</subfield>
   <subfield code="b">UNIPILB</subfield>
   <subfield code="c">EBOOKS</subfield>
   <subfield code="e">20140723</subfield>
   <subfield code="p">00b47975</subfield>
   <subfield code="q">00b47975</subfield>
   <subfield code="t">ONLINE</subfield>
   <subfield code="y">0</subfield>
  </datafield>
  <datafield tag="856" ind1="4" ind2="0">
   <subfield code="3">ScienceDirect</subfield>
   <subfield code="u">http://www.sciencedirect.com/science/book/9780750643986</subfield>
  </datafield>
  <datafield tag="856" ind1="4" ind2=" ">
   <subfield code="d">/webopac/covers/03/47975_9780080511030.jpg</subfield>
   <subfield code="z">(electronic bk.)</subfield>
  </datafield>
  <datafield tag="856" ind1="4" ind2=" ">
   <subfield code="d">/webopac/covers/03/47975_0080511031.jpg</subfield>
   <subfield code="z">(electronic bk.)</subfield>
  </datafield>
 </record>
</collection>
